Luật đất đai và một số văn bản hướng dẫn thi hành

Αποθηκεύτηκε σε:
Λεπτομέρειες βιβλιογραφικής εγγραφής
Μορφή: Βιβλίο
Γλώσσα:Undetermined
Έκδοση: Hà Nội Đại học Kinh tế Quốc dân 2007
Θέματα:
Ετικέτες: Προσθήκη ετικέτας
Δεν υπάρχουν, Καταχωρήστε ετικέτα πρώτοι!
Thư viện lưu trữ: Trung tâm Học liệu Trường Đại học Cần Thơ
LEADER 00546nam a2200181Ia 4500
001 CTU_129096
008 210402s9999 xx 000 0 und d
020 |c 40000 
082 |a 346.597043 
082 |b L504 
245 0 |a Luật đất đai và một số văn bản hướng dẫn thi hành 
260 |a Hà Nội 
260 |b Đại học Kinh tế Quốc dân 
260 |c 2007 
650 |a Land use 
650 |x Law and legislation 
904 |i Giang 
980 |a Trung tâm Học liệu Trường Đại học Cần Thơ